000 01053nam a22002297a 4500
001 7602
003 FISKH
005 20250807162020.0
008 250725b cb ||||| |||| 00| 0 eng d
040 _aFISKH
_beng
_cFISKH
_dFISKH
050 _aPR6005.O4 H4
082 _a823.8
100 _aConard, Joseph
245 _aHeart of darkness /
_cby Joseph Conard
260 _aPhnom Penh :
_bFootprints International School ,
_c2025.
300 _a47 pages :
_billustrations ;
_c21 cm .
520 _aHeart of Darkness is Joseph Conrad's disturbing novella recounted by the itinerant captain Marlow sent to find and bring home the shadowy and inscrutable Captain Kurtz. Marlow and his men follow a river deep into a jungle, the "Heart of Darkness" of Africa looking for Kurtz, an unhinged leader of an isolated trading station. This highly symbolic psychological drama was the founding myth for Francis Ford Coppola's 1979 movie Apocalypse Now.
650 _aclassics
_vFiction
650 _aCongo
_vFiction
942 _2ddc
_cBK
_n0
999 _c7602
_d7602